Nový regionalismus teorie a případová studie (Evropská unie)

Na minha lista:
Detalhes bibliográficos
Autor principal: Cihelková, Eva
Formato: Livro
Idioma:tcheco
Publicado em: Praha C. H. Beck 2007
Colecção:Beckova edice ekonomie
Assuntos:
Tags: Adicionar Tag
Sem tags, seja o primeiro a adicionar uma tag!

MARC

LEADER 00000nam$a2200000$$$4500
001 0080352
005 20240313090200.7
020 |a 978-80-7179-808-8 
041 0 |a cze 
044 |a CZ 
245 1 0 |a Nový regionalismus  |b teorie a případová studie (Evropská unie)  |c Eva Cihelková a kol. 
264 1 |a Praha  |b C. H. Beck  |c 2007 
300 |a 361 s. 
490 1 |a Beckova edice ekonomie 
830 0 |a Beckova edice ekonomie 
610 2 0 |a regionalizácia 
610 2 0 |a regióny 
610 2 0 |a integrácia ekonomická medzinárodná 
610 2 0 |a nový ekonomický poriadok 
610 2 0 |a globalizácia 
610 2 0 |a hospodárstvo svetové 
610 2 0 |a integrácia regionálna 
610 2 0 |a obchod zahraničný 
610 2 0 |a Európa 
610 2 0 |a Európska únia 
610 2 0 |a Česko 
100 1 |a Cihelková, Eva